000 00488nam a22001817a 4500
003 CEME
005 20210628204354.0
008 210127b xxu||||| |||| 00| 0 eng d
020 _a0-471-35544-5
040 _c.
082 _a514 CAR
100 _aCarlson, Stephan C
_970102
245 _aTopology of surfaces, knots, and manifolds a first undergraduate course
260 _aNEW YORK
_bJOHN WILEY & SONS
_c2001
300 _aXII,157P
650 _aTOPOLOGY
_98513
942 _cBK
_2ddc
999 _c577144
_d577144